• 首页
  • 本馆介绍
  • 公告通知
  • 最新文献
  • 馆藏检索
  • 电子资源
  • 读者导购
  • 参考咨询
  • 我的图书馆
  • 登录
  • 详细信息显示
  • 放入我的书架
  • 预约/预借图书
  • 作者相关作品
  • 分类相关作品
  • 丛书相关作品
  • 出版社相关作品

书目信息

  • 表格格式
  • 工作单格式
  • 卡片格式
题名:
RFID技术系统工程及应用指南
    
 
作者: 谭民 编著
分册:  
出版信息: 北京   机械工业出版社  2007
页数: 337页
开本: 26cm
丛书名:
单 册:
中图分类: TN911.23
科图分类:
主题词: 无线电信号--射频--信号识别--系统工程 , 无线电信号 , 射频 , 信号识别 , 系统工程
电子资源:
ISBN: 978-7-111-21216-4
000 01020nam0 2200313 450
001 003438425
005 20080303092914.56
010    @a978-7-111-21216-4@dCNY37.00
035    @a003438425
100    @a20070104d2007 em y0chiy0110 ea
101 0  @achi
102    @aCN@b110000
105    @ay z 000yy
106    @ar
200 1  @aRFID技术系统工程及应用指南@ARFID ji shu xi tong gong cheng ji ying yong zhi nan@f谭民[等]编著
210    @a北京@c机械工业出版社@d2007
215    @a337页@d26cm
304    @a编著者还有:刘禹、曾隽芳、谭杰、李秀萍、光强
330    @a本书从技术要素和应用模式出发,介绍了RFID技术系统工程及应用方面的基础知识和最新成果。内容包括RFID技术系统工程中所涉及的共性关键技术和基于RFID技术的应用模式和实例。
606 0  @a无线电信号@x射频@x信号识别@x系统工程
606 0  @a无线电信号
606 0  @a射频
606 0  @a信号识别
606 0  @a系统工程
610 0  @aRFID
690    @aTN911.23@v4
701  0 @a谭民@Atan min@4编著
801  0 @aCN@bNLC@c20080303
905    @dTN911.23@e117@f4
    
    RFID技术系统工程及应用指南/谭民[等]编著.-北京:机械工业出版社,2007
    337页;26cm
    
    
    ISBN 978-7-111-21216-4:CNY37.00
    本书从技术要素和应用模式出发,介绍了RFID技术系统工程及应用方面的基础知识和最新成果。内容包括RFID技术系统工程中所涉及的共性关键技术和基于RFID技术的应用模式和实例。
●
相关链接 在E读中查询图书 在五车中查询图书 在当当中查询图书 在豆瓣中查询图书


正题名:RFID技术系统工程及应用指南     索取号:TN911.23/117         预约/预借

序号 登录号 条形码 馆藏地/架位号 状态 备注
1 0793489   207934896   第二样本阅览室/ [索取号:TN911.23/117] 在馆    
2 0793490   207934903   第三借阅区/ [索取号:TN911.23/117] 在馆    
3 0793491   207934912   第三借阅区/ [索取号:TN911.23/117] 在馆    
4 0793492   207934921   第三借阅区/ [索取号:TN911.23/117] 在馆    
唐山师范学院图书馆 欢迎您!
大连网信软件有限公司© 版权所有